000 00730nam a22002177a 4500
003 NUST - PNEC
005 20170116181159.0
008 160201b xxu||||| |||| 00| 0 eng d
020 _a8121935873
020 _a9788121935876
040 _cLIBRARY
082 _a621 SIN
100 _916185
_aSingh, Sadhu
245 _aHandbook of mechanical engineering
_cDr. Sadhu Singh
250 _a1st ed.
260 _aNew Delhi
_bS. Chand & Company Ltd
_cc.2011
300 _a2080 p.
650 _916186
_aMechanical Engineering
_xME, IME
856 _3Amazon Details
_uhttp://www.amazon.com/Handbook-Mechanical-Engineering-Sadhu-Singh/dp/8121935873/ref=sr_1_1?ie=UTF8&qid=1454308615&sr=8-1&keywords=8121935873
942 _2ddc
_cBK
999 _c71348
_d71348